| 000 | 00736 a2200193 4500 | ||
|---|---|---|---|
| 020 | _a0070214417 | ||
| 020 | _a9780070214415 | ||
| 082 | 0 | 4 | _a658.1511 |
| 090 |
_c2645 _d2645 |
||
| 100 | 1 | _aTsay, Thomas P. Edmonds; Cindy Edmonds; Bor-Yi Tsay; Bor-Yi. | |
| 245 | 1 | 0 |
_aFundamental managerial accounting concepts / _cThomas P. Edmonds; Cindy Edmonds; Bor-Yi Tsay; Bor-Yi Tsay. |
| 260 |
_a[S.l.] : _bMcGraw-Hill Education, _c1999. |
||
| 300 |
_a704 p. ; _c26 cm. |
||
| 500 | _aImport. | ||
| 500 | _aHardcover. | ||
| 856 | 4 | 0 |
_3Amazon.com _uhttp://www.amazon.com/exec/obidos/ASIN/0070214417/chopaconline-20 |
| 856 | 4 | 0 |
_3Amazon customer reviews _uhttp://www.chopac.org/cgi-bin/tools/azrev.pl?q=0070214417 |
| 942 |
_aNBS _cBK _k658.1511 EDM |
||
| 999 |
_c345138 _d345138 |
||